Trouver le score des matchs de la Coupe du monde 2018 (Tableau final) - Statistiques

Statistiques générales
  • Ce quiz a été pris 917 fois
  • Le résultat moyen est 14 sur 16
Statistiques - réponses
Stade Match Score % Correct
Huitièmes de finale France - Argentine 4-3
97%
Huitièmes de finale Uruguay - Portugal 2-1
92%
Huitièmes de finale Belgique - Japon 3-2
92%
Demi-finales France - Belgique 1-0
91%
Finale France - Croatie 4-2
91%
Quarts de finale Uruguay - France 0-2
90%
Huitièmes de finale Brésil - Mexique 2-0
88%
Huitièmes de finale Espagne - Russie* 1-1
86%
Huitièmes de finale Croatie* - Danemark 1-1
85%
Quarts de finale Brésil - Belgique 1-2
85%
Demi-finales Croatie - Angleterre 2-1
82%
Huitièmes de finale Colombie - Angleterre* 1-1
80%
Quarts de finale Russie - Croatie* 2-2
80%
Huitièmes de finale Suède - Suisse 1-0
79%
Quarts de finale Suède - Angleterre 0-2
76%
Troisième place Belgique - Angleterre 2-0
76%
Aucun quiz correspondant
Distribution des résultats
% des personnes avec chaque résultat
Percentile par nombre de réponses
Votre historique - résultats
Vous n’avez pas pris ce quiz